CoD Zombies TranZit Knowledge - Statistics

General Stats
  • This quiz has been taken 143 times
  • The average score is 10 of 12
Answer Stats
Question Answer % Correct
Where is the turbine built? Bus Depot
100%
Where is the power switch built? (Don't overthink this) Power Station
96%
Turning on the power at Power Station releases what? Avogadro
93%
What is the gun storage? Fridge in Farmhouse
89%
Who is the only one that can hear Richtofen's Easter egg directions? Stuhlinger
89%
Most effective way to stop the bus? EMP T.E.D.D.
86%
Where is the lawnmower trap built? Farm
86%
Where is the B23R wall-buy? Bus
82%
Where is the Jet Gun built? Town
79%
Where are the Galva Knuckles located? Diner
64%
Where is the Remington wall-buy? Barn (at farm)
61%
Where is the Bowie Knife found? Hunter's Cabin
57%
No matching quizzes found
Score Distribution
Percent of People with Each Score
Percentile by Number Answered
Your Score History
You have not taken this quiz